000 00518nam a2200181 i 4500
001 64440
003 ES-MaACL
005 20250524063046.0
007 t|
008 031224s1955 sp ||||1| cat d
100 1 _aFolch i Camarasa, Ramon,
_d1926-
_951450
245 1 0 _aAquesta petita cosa /
_cRamón Folch i Camarasa.
250 _a[1ª ed.].
260 _a[Barcelona] :
_bOssa Menor,
_c[1955] (
_fBachs)
300 _a63 p. ;
_c18 cm.
852 _aES-MaACL
_jC-12059
_bR.37706
999 _c64440
_d64440